000
00337 a2200157 4500
001
56561
020
_a
850805596X
040
_c
Anchieta - Pituba
100
_a
Carrasco, Walcyr
240
1
0
_a
Balança coração
_l
por
245
1
0
_a
Balança coração
300
_a
112
362
0
_a
1998
650
4
_a
Literatura juvenil
942
_c
BK
999
_c
56561
_d
56561